Tratado práctico de refrigeración automática

Đã lưu trong:
Chi tiết về thư mục
Tác giả chính: Alarcón Creus, José (Tác giả)
Định dạng: Sách
Ngôn ngữ:Tiếng Tây Ban Nha
Được phát hành: Barcelona Macrombo 2000
Phiên bản:12a. ed
Những chủ đề:
Các nhãn: Thêm thẻ
Không có thẻ, Là người đầu tiên thẻ bản ghi này!

MARC

LEADER 00000nam a2200000 a 4500
001 UCN1075
003 CL-VaPUC
008 010420e20000000SP |||||||||||||||||spa|d
082 0 4 |a 621.56  |b ALA  |2 21 
100 0 |a Alarcón Creus, José  |e author  |9 456467 
245 1 0 |a Tratado práctico de refrigeración automática 
250 |a 12a. ed 
300 |a 435 p 
942 |c BK 
945 |d 20010420 00:00:00  |a vberengu 
260 |a Barcelona  |b Macrombo  |c 2000 
650 0 |a Refrigeración  |9 259343 
650 7 |a REFRIGERANTES  |2 CL-VaPUC  |9 456468 
650 7 |a CONDENSADORES  |2 CL-VaPUC  |9 401730 
650 7 |a EVAPORADORES  |2 CL-VaPUC  |9 264108 
650 0 |a Control automático  |9 259890 
650 0 |a Electricidad  |9 260222 
583 |a last modification  |c 20010420 00:00:00  |k Rodrigo Vera 
999 |c 294665  |d 294663 
952 |0 0  |1 0  |4 0  |6 621_560000000000000_ALA_2000  |7 0  |8 A  |9 347305  |a BIBMEC  |b BIBMEC  |d 2019-11-20  |i 3716635  |o 621.56 ALA 2000  |p 3716635  |r 2024-01-19  |w 2019-11-20  |y BK  |k MEC